000 00981nam a22002297i 4500
003 URS
005 20250324222556.0
008 190201b ||||| |||| 00| 0 eng d
040 _beng
_erda
_cURS Pililla Library
082 0 0 _bFS BSBA FM6 2014
100 1 _aHabbiling Jr.,Pio A.
_eresearcher
245 1 0 _aEstablishment of woodcraft enterprises in barangay Plaza Aldea, Tanay, Rizal/
_cPio A. Habbling, Jr.
300 _axv, 58 leaves;
_c28 cm.
336 _atext
_btxt
_2rdacontent
337 _aunmediated
_bn
_2rdamedia
338 _avolume
_bnc
_2rdacarrier
502 _aUndergraduate Feasibility Study
_bBachelor of Science in Business Administration Major in Financial Management
_cUniversity of Rizal System Pililla
700 1 _aMontealegre, Jerome M.
_eadviser
856 _3Online Request for Student Unpublished Works
_uhttps://forms.gle/7LqvGGkaDrUQqz429
856 _uhttps://drive.google.com/file/d/15gpv_WW51ZK6ITLwNxIa2c6KEYTeEwmO/view?usp=sharing
942 _2ddc
_cT
999 _c8919
_d8919